Alfabeto armênio ocidental para português - Statistics

Estatísticas Gerais
  • Esse quiz foi jogado 9 vezes
  • A pontuação média é 15 de 38
Estatísticas das Respostas
# Msc. Mnsc. Nome % Correto
1 Ա ա Ayb
100%
2 Բ բ Ben / Pen
100%
4 Դ դ Da / Ta
100%
3 Գ գ Gim / Kim
100%
7 Է է E
60%
22 Ն ն Nu
60%
37 Օ օ O
60%
38 Ֆ ֆ Fe
40%
16 Հ հ Ho
40%
11 Ի ի Ini
40%
10 Ժ ժ Jeh
40%
15 Կ կ Ken / Gen
40%
12 Լ լ Lyun
40%
20 Մ մ Men
40%
26 Պ պ Pe / Be
40%
35 Փ փ P'iur
40%
13 Խ խ Rha
40%
29 Ս ս Se
40%
9 Թ թ T'o
40%
31 Տ տ Tyun / Dyun
40%
8 Ը ը Uh
40%
24 Ո ո Vo
40%
5 Ե ե Yech
40%
6 Զ զ Za
40%
25 Չ չ Cha
20%
27 Ջ ջ Dge / Tche
20%
17 Ձ ձ Dza / Tsa
20%
18 Ղ ղ Ghad
20%
36 Ք ք Qe
20%
32 Ր ր Re
20%
28 Ռ ռ Rra
20%
23 Շ շ Sha
20%
19 Ճ ճ Tche / Dje
20%
14 Ծ ծ Tsa / Dza
20%
33 Ց ց Tso
20%
30 Վ վ Vev
20%
34 Ւ ւ Vyun
20%
21 Յ յ Yi
20%
Nenhum quiz correspondente encontrado
Distribuição das Pontuações
Porcentagem de Pessoas com Cada Pontuação
Percentil de Números Respondidos
Sua Pontuação Histórica
Você não jogou esse quiz